Statystyki dla nazwy miejscowosci pomorskich

Kliknij tutaj aby rozwiązać quiz!

Ogólne statystyki

  • Ten quiz został rozwiązany 26 razy
  • Średni wynik to 3 z 12

Statystyki odpowiedzi

HintOdpowiedź% Poprawnych
7gdansk
91%
8gdynia
86%
1Kartuzy
55%
10slupsk
41%
5wladyslawowo
41%
9reda
23%
6goreczyno
0%
4kosciezyna
0%
3ramleje
0%
2reboszewo
0%
12samonino
0%
11smetowo
0%

Rozkład punktacji

Percentyl według liczby udzielonych odpowiedzi

Procent ludzi z każdym wynikiem

Twoja historia wyników

Nie rozwiązałeś tego quizu